=LDR 00000nam 2200000 4500 =001 INLIS000000000006590 =005 20230621120845 =035 ##$$a 0010-0622000451 =001 INLIS000000000006590 =005 20220622082854 =035 ##$$a 0010-0622000451 =245 ##$$a Niponica : $b Discovering Japan Special Feature Japan's Decorative Art of Urushi =100 #$$a Niponica =250 ##$$a No. September =300 ##$$a 27 halaman : $b Gambar ; $c 21x29.5 cm =856 ##$$a OPAC (Rak Majalah) =260 ##$$a Japan :$b Ministry of Foreign Affairs of Japan,$c 2016 =082 ##$$a 050.11 =084 ##$$a 050.11 NIP j =650 #4$$a Niponica 2017 =650 #4$$a Majalah 2017 =500 ##$$a Changing Seasons =505 ##$$a Contents: Special Feature Japan's Decorative Art of Urushi; Beauty Created From Strength and Delicacy; Various Shikki From Different Regions; Japanese Handicrafts-Craftsmen Who Create Shikki; The Japanese Spirit Has Been Inherited-Urushi Restorers; Tradition and Innovation-New Forms of the Decorative Art of Urushi; Incorporating Urushi-nuri Into Everyday Life; Tasty Japan: Time to Eat!Zoni; Strolling Japan Hirosaki; Souvenirs of Japan Koshu Inden =008 230621################|##########|#|## =990 ##$$a 05/MJ-20